00625nam a2200193Ia 4500008004100000020001500041082001600056100002800072245004800100250000800148260004100156300002700197500001900224600001500243650001500258942000700273952013600280999001500416240925s9999 xx 000 0 und d a997151351x a658.562 MON aMontgomery, Douglas C. 0aIntroduction to Statistical Quality Control a4th aNew York:bJohn Wiley & Sonsc,2001. axxi,318p.bNAfPirated aIncludes Index aManagement aManagement cBK 001040708MANaUITUbUITUd2004-03-05eParamount Book Pvt Ltdg512.63l0o658.562 MONpQ5572r2024-09-25 07:13:54w2024-09-25yBK c8071d8071